000
00299nam a22001337a 4500
008
171020b xxu||||| |||| 00| 0 eng d
020
_a
9781423901785
041
_a
eng
080
_2
6TH
_a
338
100
_a
54
101
_a
MIS
245
_a
MANAGEMENT INFORMATION SYSTEMS
_c
OZ,E
942
_2
udc
_c
BK
999
_c
35078
_d
35078